000 01396cam a2200361 a 4500
001 EDZ0000159372
003 StDuBDS
005 20161031105251.0
006 m||||||||d||||||||
007 cr |||||||||||
008 130912s1997 caua fo| 101|0|eng d
020 _a9781483328058 (ebook) :
_cNo price
040 _aStDuBDS
_beng
_cStDuBDS
_epn
049 _aAlfaisal Main Library
050 0 _aHV6626
_b.O87 1997
082 0 4 _a362.8292
_223
111 2 _aInternational Family Violence Research Conference
_n(4th :
_cUniversity of New Hampshire)
245 1 0 _aOut of the darkness
_h[electronic resource] :
_bcontemporary perspectives on family violence /
_cGlenda Kaufman Kantor, Jana L. Jasinski, editors.
260 _aThousand Oaks, Calif. :
_bSAGE,
_cc1997.
300 _a1 online resource (xi, 332 p.) :
_bill.
504 _aIncludes bibliographical references and indexes.
521 _aSpecialized.
588 _aDescription based on print version record.
650 0 _aFamily violence
_vCongresses.
650 0 _aFamily violence
_xResearch
_xMethodology
_vCongresses.
655 7 _aElectronic books.
_2local
700 1 _aKantor, Glenda Kaufman.
700 1 _aJasinski, Jana L.
710 2 _aSage eBooks
776 0 8 _iPrint version :
_z9780761907756
856 4 0 _uhttp://ezproxy.alfaisal.edu/login?url=http://sk.sagepub.com/books/out-of-the-darkness
942 _2lcc
_cEBOOKS
999 _c483056
_d483056